| 000 | 00748nam a2200205Ii 4500 | ||
|---|---|---|---|
| 003 | JO-AjNU | ||
| 008 | 230605s9999||||xx |||||||||||||| ||und|| | ||
| 040 |
_aJO-AjNU _bara _erda _cJO-AjNU |
||
| 041 | _aara | ||
| 050 | 1 | 4 | _aLB17.Q4388 1984 |
| 100 | 3 |
_aعكيلة،محمد مؤلف/هوانة،سمير عبد اللطيف م.مشارك/طه،حسين جميل م.مشارك, _eauthor _913560 |
|
| 245 | 0 | 0 | _aمدخل إلى مبادئ التربية |
| 250 | _aط1 | ||
| 264 | 3 | 1 | _aالكويت:دار القلم للنشر والتوزيع،1984 |
| 300 | _a194ص | ||
| 336 |
_atext _btxt _2rdacontent |
||
| 337 |
_aunmediated _bn _2rdamedia |
||
| 338 |
_avolume _bnc _2rdacarrier |
||
| 650 | 4 |
_aالتعليم-فلسفة. التربية. _913561 |
|
| 999 |
_aA3408 _c6976 _d6976 |
||